000 01580cam a22001934a 4500
005 20250605164035.0
008 250528s ||||||||||||||||||||||||d
035 _a16773
020 _a751312169
040 _aGR-AtMCL
_bgre
_dGR-AtMCL
_eAACR2
245 1 _aUnderstanding Accounts / Control - Cash - Reconciling - Analyzing - Inflow - Outflow - Earnings - Planning - Capital - Monitoring - Credit - Ratios
260 _bDorling Kindersley,
_c2001
300 _a72
520 _aPractical techniques show you how to analyze financial statements, interpret financial data and measure business performance. Introduction, Understanding the Basics, Explaining Accounts, Who Uses Accounts?, Examining Regulations and Practice, Mastering Accounts, Understanding a Profit and Loss Account, Looking at Gross Profit, Determining Operating Profit, Evaluating the Bottom Line, Understanding Balance Sheets, Examining Fixed Assets, Working with Current Assets, Understanding Liabilities, Analyzing Shareholders' Funds, Using Cash Flow Statements, Producing Cash Flow Forecasts, Measuring Performance, Understanding Ratios, Analyzing a Profit and Loss Account, Reading a Balance Sheet, Understanding Investors' Ratios, Gathering More Information, Broadening Your Knowledge, Exploring International Issues, Looking at Common Problems, Recognizing Creative Accounting, Benefiting from Management Accounts, Making Future Financial Decisions, Assessing Your Accounting Skills, Index, Acknowledgements.
700 1 _aBrookson Stephen
_92863
942 _cBK
999 _c2238
_d2238